LIBRARY & INFORMATION CENTRE, KCAET, TAVANUR

ONLINE PUBLIC ACCESS CATALOGUE (OPAC)

ladies coupe | ലേഡീസ് കൂപ്പെ (Record no. 17665)

MARC details
000 -LEADER
fixed length control field 02080nam a22001697a 4500
003 - CONTROL NUMBER IDENTIFIER
control field OSt
008 - FIXED-LENGTH DATA ELEMENTS--GENERAL INFORMATION
fixed length control field 230506b |||||||| |||| 00| 0 eng d
041 ## - LANGUAGE CODE
Language code of text/sound track or separate title MAL
082 ## - DEWEY DECIMAL CLASSIFICATION NUMBER
Classification number 894.812 3
Item number ANI/LA
100 ## - MAIN ENTRY--AUTHOR NAME
Personal name Anitha nair
-- അനിതാ നായർ
245 ## - TITLE STATEMENT
Title ladies coupe
Remainder of title ലേഡീസ് കൂപ്പെ
250 ## - EDITION STATEMENT
Edition statement 8
260 ## - PUBLICATION, DISTRIBUTION, ETC. (IMPRINT)
Place of publication kottayam
Name of publisher dcbooks
Year of publication 2021
300 ## - PHYSICAL DESCRIPTION
Number of Pages 252
520 ## - SUMMARY, ETC.
Summary, etc ലേഡീസ് കൂപ്പെയിലെ സൗഹൃദാന്തരീക്ഷത്തിൽ അഞ്ചു സഹയാത്രികകളെ അഖില പരിചയപ്പെടുന്നു. ജാനകി - ലാളിക്കപ്പെട്ട ഭാര്യയും അങ്കലാപ്പിലായ മാതാവും, മാർഗരറ്റ് ശാന്തി - രസതന്ത്രാദ്ധ്യാപിക, പ്രഭാദേവി - ഉത്തമഭാര്യയും മകളും, പതിന്നാലുകാരിയായ ഷീല, പിന്നെ മാരിക്കൊളുന്ത് - ഒറ്റ രാത്രിയുടെ ആർത്തിയിൽ നിഷ്‌കളങ്കത നഷ്ടമായവൾ. ഇവരുമായി ഏറ്റവും സ്വകാര്യമായ അനുഭവങ്ങളടക്കം പങ്കുവയ്ക്കവേ അഖില തന്നെ എന്നും പിന്തുടരുന്ന ഒരു സമസ്യയെക്കുറിച്ചാണാലോചിക്കുന്നത്: ഒരു സ്ത്രീക്ക് ഒറ്റയ്ക്ക് സന്തുഷ്ടജീവിതം നയിക്കാനാകുമോ? പൂർണ്ണതയുണ്ടാകാൻ പുരുഷൻ കൂടിയേതീരൂ എന്നുണ്ടോ? കരുത്തും സ്വാതന്ത്ര്യവും തേടിയുള്ള ഒരു സ്ത്രീയുടെ അന്വേഷണങ്ങളുടെ കഥ.<br/>
942 ## - ADDED ENTRY ELEMENTS (KOHA)
Koha item type Books
Holdings
Withdrawn status Lost status Damaged status Collection code Home library Current library Shelving location Date acquired Cost, normal purchase price Full call number Accession Number Koha item type
      Fiction KAUAET KAUAET Fiction 06/05/2023 280.00 894.812 3 ANI/LA 26216 Books
free website counter